000 00484nam a2200181Ia 4500
005 20250508151325.0
008 008 250505s9999 xx 000 0 eng d
037 _aTextual
040 _aFEDL
_beng
_cFEDL
041 _aeng
_2eng
084 _a360, CLA
_qFEDL
100 _aClarke John J.
245 0 _aSocial welfare
260 _aLondon, UK
_bSir Isaac Pitman and Sons Limited
_c1953
300 _ax,420p.
942 _cTEXL
_h360, CLA
999 _c1329046
_d1329046